00325nam a2200145Ia 4500008004100000041000800041082001500049100001200064245001100076250001000087260003300097300000900130500001700139650002300156220803s9999 xx 000 0 und d aeng a891.46 KAR aKarve E aYugant a19th  aPunebDeshmukh And Co.c2011 a245p aArchitecture aMarathi Literature